|
|
|
|
| LEADER |
00000nam0a2200000 4500 |
| 001 |
335899 |
| 005 |
20231102004812.0 |
| 035 |
|
|
|a (RuTPU)RU\TPU\book\362311
|
| 035 |
|
|
|a RU\TPU\book\281693
|
| 090 |
|
|
|a 335899
|
| 100 |
|
|
|a 20171005d1978 k y0rusy50 ca
|
| 101 |
0 |
|
|a rus
|
| 102 |
|
|
|a UA
|
| 105 |
|
|
|a a z 001zy
|
| 200 |
1 |
|
|a Прочность конструкций летательных аппаратов
|e тематический сборник научных трудов
|h Вып. 5
|f Харьковский авиационный институт ; под ред. Л. А. Колесникова
|
| 210 |
|
|
|a Харьков
|c Изд-во ХАИ
|d 1978
|
| 215 |
|
|
|a 145 с.
|c ил.
|
| 320 |
|
|
|a Библиография в конце статей
|
| 606 |
1 |
|
|a Авиационные конструкции
|x Прочность
|2 stltpush
|3 (RuTPU)RU\TPU\subj\417
|9 29353
|
| 610 |
1 |
|
|a летательные аппараты
|
| 610 |
1 |
|
|a пологие оболочки
|
| 610 |
1 |
|
|a композиционные материалы
|
| 610 |
1 |
|
|a оболочки
|
| 610 |
1 |
|
|a краевые задачи
|
| 610 |
1 |
|
|a оболочки вращения
|
| 610 |
1 |
|
|a расчеты
|
| 610 |
1 |
|
|a граничные условия
|
| 610 |
1 |
|
|a пластическая деформация
|
| 610 |
1 |
|
|a усталостная прочность
|
| 610 |
1 |
|
|a нагружение
|
| 610 |
1 |
|
|a заклепки
|
| 610 |
1 |
|
|a динамические испытания
|
| 610 |
1 |
|
|a анизотропия
|
| 610 |
1 |
|
|a статические испытания
|
| 675 |
|
|
|a 629.73.015.4
|v 3
|
| 702 |
|
1 |
|a Колесников
|b Л. А.
|g Лев Александрович
|4 340
|
| 712 |
0 |
2 |
|a Харьковский авиационный институт
|2 stltpush
|3 (RuTPU)RU\TPU\col\7321
|9 24307
|
| 801 |
|
1 |
|a RU
|b 63413507
|c 20140428
|
| 801 |
|
2 |
|a RU
|b 63413507
|c 20171005
|g RCR
|
| 942 |
|
|
|c BK
|